[Event "ICS Rated blitz match"]
[Site "204.178.125.65"]
[Date "2000.09.30"]
[Round "?"]
[White "Hossa"]
[Black "F22Storm"]
[Result "1/2-1/2"]
[WhiteElo "2471"]
[BlackElo "2439"]
[PlyCount "97"]
[EventDate "2000.??.??"]

1. e4 e5 2. Nf3 Nc6 3. Bc4 Bc5 4. c3 Nf6 5. d4 exd4 6. cxd4 Bb4+ 7. Nc3 Nxe4 8.
O-O Bxc3 9. d5 Ne5 10. bxc3 Nxc4 11. Qd4 O-O 12. Qxe4 Nd6 13. Qd3 Re8 14. Ba3
Ne4 15. Rae1 Nf6 16. d6 cxd6 17. Bxd6 b6 18. Be5 Bb7 19. Bxf6 Qxf6 20. Qxd7 Bc6
21. Rxe8+ Rxe8 22. Qxa7 Bxf3 23. gxf3 Qg6+ 24. Kh1 Qc6 25. Kg2 Ra8 26. Rd1 Kf8
27. Rd6 Qxf3+ 28. Kxf3 Rxa7 29. Rxb6 Rxa2 30. Rb7 Ke8 31. Rc7 Ra3 32. h4 Kd8
33. Rxf7 Rxc3+ 34. Kf4 Rc7 35. Rxc7 Kxc7 36. Ke5 Kd7 37. h5 Ke7 38. Kf5 Kf7 39.
Kg5 Ke6 40. f4 Kd6 41. Kf5 Kd5 42. h6 gxh6 43. Kf6 h5 44. Kg5 Ke4 45. f5 Ke5
46. f6 Ke6 47. Kxh5 Kxf6 48. Kh6 Ke5 49. Kxh7 {
Game drawn because neither player has mating material} 1/2-1/2

[Event "ICS rated blitz match"]
[Site "204.178.125.65"]
[Date "2000.09.30"]
[Round "?"]
[White "serg270679"]
[Black "Hossa"]
[Result "0-1"]
[WhiteElo "2015"]
[BlackElo "2470"]
[PlyCount "30"]
[EventDate "2000.??.??"]

1. e4 e5 2. Bc4 Nf6 3. Nc3 Nc6 4. Nf3 Nxe4 5. Bxf7+ Kxf7 6. Nxe4 d5 7. Nxe5+
Nxe5 8. Qh5+ Ng6 9. Ng5+ Kg8 10. O-O Qd7 11. Nxh7 Qf7 12. Ng5 Qf5 13. g4 Qxc2
14. Nh7 Nf4 15. Qg5 Nh3+ {serg270679 resigns} 0-1

[Event "ICS rated blitz match"]
[Site "204.178.125.65"]
[Date "2000.09.30"]
[Round "?"]
[White "toto"]
[Black "Hossa"]
[Result "0-1"]
[WhiteElo "2152"]
[BlackElo "2472"]
[PlyCount "42"]
[EventDate "2000.??.??"]

1. e4 c5 2. d4 cxd4 3. Nf3 e5 4. c3 Qa5 5. Bc4 Nf6 6. O-O Nxe4 7. Re1 f5 8.
cxd4 Bb4 9. Bd2 d5 10. Bxb4 Qxb4 11. Bb3 Be6 12. Nxe5 O-O 13. f3 Ng5 14. Nc3
Qd6 15. Qe2 Nc6 16. Rac1 Nxd4 17. Qd2 Nxb3 18. axb3 Nf7 19. Nb5 Qb6+ 20. Kh1
Qxb5 21. Rc7 Nxe5 {toto resigns} 0-1

[Event "ICS rated blitz match"]
[Site "204.178.125.65"]
[Date "2000.09.30"]
[Round "?"]
[White "Hossa"]
[Black "serg270679"]
[Result "1-0"]
[WhiteElo "2476"]
[BlackElo "2011"]
[PlyCount "91"]
[EventDate "2000.??.??"]

1. e4 e6 2. d4 d5 3. Nd2 Nf6 4. e5 Nfd7 5. Bd3 c5 6. c3 cxd4 7. cxd4 Nc6 8. Ne2
Qb6 9. Nf3 f6 10. exf6 Nxf6 11. O-O Bd6 12. Nc3 O-O 13. Nb5 Bb8 14. Re1 a6 15.
Nc3 Bd7 16. a3 Kh8 17. Bc2 e5 18. Na4 Qc7 19. dxe5 Ng4 20. Nc5 Ncxe5 21. Nxe5
Qxc5 22. Nxg4 Bxg4 23. Be3 Bxh2+ 24. Kh1 Bxd1 25. Bxc5 Bxc2 26. Bxf8 Bc7 27.
Bxg7+ Kxg7 28. Re7+ Kh6 29. Rxc7 b5 30. Rxc2 Re8 31. Rd1 Re5 32. Rc6+ Kg5 33.
Rxa6 h5 34. Ra5 Re2 35. Rxd5+ Kg4 36. Raxb5 Rxf2 37. Rd4+ Rf4 38. Rxf4+ Kxf4
39. a4 Ke3 40. a5 Ke4 41. Rxh5 Kd4 42. a6 Ke4 43. a7 Kd4 44. a8=Q Ke3 45. Qd5
Kf4 46. Qf3# {serg270679 checkmated} 1-0

[Event "ICS Rated standard match"]
[Site "204.178.125.65"]
[Date "2000.09.30"]
[Round "?"]
[White "Hossa"]
[Black "Athlon900"]
[Result "0-1"]
[WhiteElo "2427"]
[BlackElo "2599"]
[PlyCount "146"]
[EventDate "2000.??.??"]

1. e4 d6 2. d4 f5 3. exf5 Bxf5 4. Bd3 Qd7 5. Nf3 Nc6 6. Bb5 a6 7. Ba4 b5 8. Bb3
Nf6 9. Nh4 Na5 10. Nxf5 Qxf5 11. O-O Nxb3 12. axb3 g6 13. Re1 Bg7 14. Nc3 b4
15. Ne2 Nd5 16. Ra5 O-O 17. Nf4 c6 18. f3 Ra7 19. Kh1 Rfa8 20. Ne6 Rb7 21. Qd2
Rb5 22. Ra4 Be5 23. dxe5 Qxe6 24. exd6 Qxd6 25. Qe2 Qf6 26. Qc4 Qd6 27. Bg5 Rc5
28. Qd3 e5 29. Bh4 Qe6 30. Bf2 Rb5 31. Qc4 Kf7 32. Bd4 Nb6 33. Bxb6 Qxc4 34.
bxc4 Rxb6 35. c5 Rb5 36. Rxe5 Re8 37. Rxe8 Kxe8 38. b3 a5 39. g4 Rxc5 40. Ra2
Kd7 41. Kg2 Ke6 42. Kg3 Ke5 43. Ra1 Kd4 44. Ra2 Kc3 45. f4 Kd2 46. Kf3 Kc1 47.
Ke4 Kb1 48. Ra4 Kxc2 49. f5 Kxb3 50. f6 Kxa4 51. f7 Rc4+ 52. Ke5 b3 53. f8=Q b2
54. Qf7 Re4+ 55. Kxe4 b1=Q+ 56. Kd4 Qb2+ 57. Kc5 Qb5+ 58. Kd4 Qb4+ 59. Qc4 Ka3
60. h4 a4 61. Kd3 Qxc4+ 62. Kxc4 Kb2 63. Kc5 a3 64. Kxc6 a2 65. Kd5 a1=Q 66. h5
Qd1+ 67. Ke5 Qxg4 68. h6 Qf5+ 69. Kd4 Kb3 70. Ke3 Kc3 71. Ke2 Qf4 72. Ke1 Kd3
73. Kd1 Qf1# {Hossa checkmated} 0-1

[Event "ICS rated blitz match"]
[Site "204.178.125.65"]
[Date "2000.09.30"]
[Round "?"]
[White "robomann"]
[Black "Hossa"]
[Result "0-1"]
[WhiteElo "1946"]
[BlackElo "2478"]
[PlyCount "32"]
[EventDate "2000.??.??"]

1. d4 Nf6 2. Nf3 c5 3. c3 d5 4. e3 e6 5. Bd3 c4 6. Bc2 Bd6 7. O-O b5 8. Nbd2
Bb7 9. Re1 b4 10. e4 bxc3 11. bxc3 Nxe4 12. Nxe4 dxe4 13. Rxe4 O-O 14. Rh4 Bxf3
15. Bxh7+ Kh8 16. Bg6+ Qxh4 {robomann resigns} 0-1

[Event "ICS rated blitz match"]
[Site "204.178.125.65"]
[Date "2000.09.30"]
[Round "?"]
[White "Hossa"]
[Black "ramonr"]
[Result "1-0"]
[WhiteElo "2479"]
[BlackElo "2169"]
[PlyCount "117"]
[EventDate "2000.??.??"]

1. e4 e6 2. d4 d5 3. Nc3 Bb4 4. e5 Bf8 5. f4 Nh6 6. Nf3 c5 7. dxc5 Bxc5 8. Na4
Be7 9. Bd3 Nc6 10. O-O O-O 11. Ng5 g6 12. Nf3 Nb4 13. Be2 Bd7 14. c3 Bxa4 15.
Qxa4 Nc6 16. Nd4 Bc5 17. Kh1 Bxd4 18. cxd4 Nf5 19. Bd3 Nfxd4 20. Be3 Nf5 21.
Bc5 Re8 22. Bb5 Rc8 23. Bxa7 Ra8 24. Bxc6 bxc6 25. g4 Ne7 26. Qd4 c5 27. Bxc5
Nc6 28. Qf2 Ra4 29. b3 Re4 30. g5 d4 31. Qg2 Qd5 32. a4 Rb8 33. Rab1 d3 34. Bd6
Rb7 35. Rbc1 d2 36. Rcd1 Rd4 37. Qxd5 Rxd5 38. Rf3 h6 39. Rc3 Nb4 40. gxh6 Kh7
41. Bf8 Nd3 42. Rxd2 Nxf4 43. Rxd5 Nxd5 44. Rf3 g5 45. Bg7 Nf4 46. a5 Rb5 47.
h4 Rxa5 48. hxg5 Nd5 49. Rxf7 Kg6 50. Rf3 Rb5 51. Kg2 Rb4 52. Kf2 Rg4 53. Rg3
Rf4+ 54. Kg1 Ne7 55. Bf6 Nf5 56. Rh3 Nh4 57. h7 Kxh7 58. Rxh4+ Rxh4 59. g6+ {
ramonr resigns} 1-0

[Event "ICS rated blitz match"]
[Site "204.178.125.65"]
[Date "2000.09.30"]
[Round "?"]
[White "NAGLAABD"]
[Black "Hossa"]
[Result "1/2-1/2"]
[WhiteElo "2281"]
[BlackElo "2484"]
[PlyCount "146"]
[EventDate "2000.??.??"]

1. d4 Nf6 2. Nc3 d5 3. Bg5 Nbd7 4. e3 e6 5. Bd3 c5 6. Nf3 c4 7. Be2 Bb4 8. O-O
Qa5 9. Nb1 Ne4 10. Bf4 c3 11. bxc3 Nxc3 12. Nxc3 Bxc3 13. Rb1 Qxa2 14. Qd3 Qa6
15. Qxc3 Qxe2 16. Bd6 Qc4 17. Qxc4 dxc4 18. Nd2 b6 19. Rfc1 Nf6 20. Nxc4 Ba6
21. Ne5 Bb7 22. c4 Ne4 23. Ba3 f6 24. Nd3 Ng5 25. c5 Be4 26. Rb3 Nf7 27. f3
Bxd3 28. Rxd3 Kd7 29. cxb6 axb6 30. Rb3 Rhb8 31. Rcb1 Rc8 32. Bb4 Ra2 33. R3b2
Rc1+ 34. Rxc1 Rxb2 35. Bf8 g5 36. h3 Nd6 37. Bxd6 Kxd6 38. Rc8 h5 39. Rd8+ Ke7
40. Rb8 h4 41. e4 Rb1+ 42. Kf2 Kd7 43. Rf8 Rb4 44. Rxf6 Rxd4 45. Rg6 b5 46.
Rxg5 b4 47. Rb5 Kc6 48. Rb8 Rd2+ 49. Ke3 Rb2 50. Kf4 Kc7 51. Rb5 Rxg2 52. Rxb4
Rg3 53. Rb3 Kd6 54. Rd3+ Ke7 55. Ra3 Rxh3 56. Ra7+ Ke8 57. Ke5 Rxf3 58. Kxe6
Kf8 59. Rh7 h3 60. e5 Kg8 61. Rh4 Kg7 62. Ke7 Kg6 63. e6 Kg5 64. Rh8 Rd3 65.
Kf7 Re3 66. e7 Rxe7+ 67. Kxe7 Kg4 68. Ke6 Kg3 69. Kf5 h2 70. Ke4 Kg2 71. Rg8+
Kf2 72. Rh8 Kg2 73. Rxh2+ Kxh2 {
Game drawn because neither player has mating material} 1/2-1/2

[Event "ICS rated standard match"]
[Site "204.178.125.65"]
[Date "2000.09.30"]
[Round "?"]
[White "Bootemout"]
[Black "Hossa"]
[Result "0-1"]
[WhiteElo "2032"]
[BlackElo "2421"]
[PlyCount "78"]
[EventDate "2000.??.??"]

1. f4 d5 2. d4 Bf5 3. Nf3 Nf6 4. e3 e6 5. Bd3 Ne4 6. O-O Be7 7. c3 Nd7 8. Qe2
Bg4 9. Qc2 f5 10. Nbd2 O-O 11. h3 Bxf3 12. Nxf3 Qe8 13. Bd2 Qh5 14. Rfc1 c6 15.
Be1 Rad8 16. Be2 Qf7 17. Qa4 Ra8 18. Ne5 Nxe5 19. dxe5 g5 20. Bf3 Bc5 21. Bf2
gxf4 22. Re1 Nxf2 23. Kxf2 Bxe3+ 24. Rxe3 fxe3+ 25. Kxe3 Qc7 26. Qd4 f4+ 27.
Ke2 Rf5 28. Kd2 Qxe5 29. Re1 Qd6 30. Qf2 e5 31. Bg4 Rf7 32. Qh4 e4 33. Qg5+ Rg7
34. Qf5 Rf8 35. Qe6+ Qxe6 36. Bxe6+ Kh8 37. Bg4 h5 38. Bxh5 Rxg2+ 39. Re2 f3 {
Bootemout resigns} 0-1

[Event "ICS rated standard match"]
[Site "204.178.125.65"]
[Date "2000.09.30"]
[Round "?"]
[White "Hossa"]
[Black "Bootemout"]
[Result "1-0"]
[WhiteElo "2424"]
[BlackElo "2029"]
[PlyCount "37"]
[EventDate "2000.??.??"]

1. e4 c6 2. d4 d5 3. Nc3 dxe4 4. Nxe4 Nf6 5. Nxf6+ exf6 6. Bc4 Bd6 7. Qe2+ Be7
8. Nf3 O-O 9. O-O Re8 10. Re1 Bd7 11. Qd3 a5 12. Qb3 Rf8 13. Qxb7 Bb4 14. c3
Bd6 15. Qxa8 Qc7 16. b4 axb4 17. cxb4 Bxb4 18. Bd2 Bd6 19. Qa5 {
Bootemout resigns} 1-0

[Event "ICS rated blitz match"]
[Site "204.178.125.65"]
[Date "2000.09.30"]
[Round "?"]
[White "NAGLAABD"]
[Black "Hossa"]
[Result "0-1"]
[WhiteElo "2336"]
[BlackElo "2489"]
[PlyCount "38"]
[EventDate "2000.??.??"]

1. d4 d5 2. c4 e6 3. Nc3 Nf6 4. cxd5 exd5 5. Bg5 Be7 6. e3 O-O 7. Qc2 Nc6 8. a3
Re8 9. Bd3 h6 10. Bxf6 Bxf6 11. Nge2 Ne7 12. O-O g6 13. b4 Kh8 14. Rac1 a5 15.
Qb3 axb4 16. axb4 Bg4 17. Ng3 Qd7 18. Na4 Rxa4 19. b5 Rea8 {NAGLAABD resigns}
0-1

[Event "ICS rated blitz match"]
[Site "204.178.125.65"]
[Date "2000.09.30"]
[Round "?"]
[White "Hossa"]
[Black "NAGLAABD"]
[Result "1/2-1/2"]
[WhiteElo "2498"]
[BlackElo "2327"]
[PlyCount "136"]
[EventDate "2000.??.??"]

1. d4 e6 2. e4 d5 3. Nc3 dxe4 4. Nxe4 Bd7 5. Nf3 Bc6 6. Bd3 Nd7 7. O-O Ngf6 8.
Qe2 Nxe4 9. Bxe4 Bxe4 10. Qxe4 c6 11. Bf4 Be7 12. c4 O-O 13. Qd3 Nf6 14. Ng5 h6
15. Nf3 Re8 16. Rfd1 Bd6 17. Ne5 Qc7 18. Qg3 Nh5 19. Qf3 Nxf4 20. Qxf4 f6 21.
c5 fxe5 22. cxd6 exf4 23. dxc7 Rac8 24. Re1 Rxc7 25. Re4 g5 26. Rae1 Kf7 27.
Kf1 Rd7 28. Ke2 Red8 29. Kf3 Rd6 30. Kg4 R8d7 31. h4 Kf6 32. hxg5+ hxg5 33. Rh1
Rxd4 34. Rh6+ Kg7 35. Rexe6 Rd2 36. Reg6+ Kf7 37. Rxg5 Rxf2 38. Rh7+ Kf6 39.
Rxd7 Rxg2+ 40. Kxf4 Rxg5 41. Rxb7 Rb5 42. Rxa7 Rxb2 43. Ke4 Ke6 44. a4 Kd6 45.
a5 Kc5 46. Ra8 Ra2 47. Kd3 Kb5 48. a6 Rxa6 49. Rxa6 Kxa6 50. Kc4 Kb6 51. Kb4
Kb7 52. Kc4 Kc7 53. Kd4 Kd7 54. Ke4 Ke6 55. Kd4 Kd6 56. Kc4 c5 57. Kd3 Kd5 58.
Kc3 c4 59. Kd2 Kd4 60. Kc2 c3 61. Kc1 Kc4 62. Kc2 Kb4 63. Kc1 Kb3 64. Kb1 Kb4
65. Kc2 Kc4 66. Kc1 Kd3 67. Kd1 c2+ 68. Kc1 Kc3 {Hossa stalemated} 1/2-1/2

[Event "ICS rated blitz match"]
[Site "204.178.125.65"]
[Date "2000.09.30"]
[Round "?"]
[White "I-Labib"]
[Black "Hossa"]
[Result "0-1"]
[WhiteElo "2293"]
[BlackElo "2491"]
[PlyCount "146"]
[EventDate "2000.??.??"]

1. e4 e5 2. Nf3 Nc6 3. Bb5 a6 4. Ba4 Nf6 5. O-O Be7 6. Bxc6 dxc6 7. d3 Nd7 8.
Nbd2 O-O 9. Nc4 f6 10. b3 Nb6 11. Ne3 Bd6 12. Bb2 Be6 13. Nh4 g6 14. g3 Bh3 15.
Nhg2 Qd7 16. Qe2 Bc5 17. Rad1 Rad8 18. Kh1 Qg7 19. f4 Qe7 20. fxe5 fxe5 21.
Rxf8+ Rxf8 22. Rf1 Nd7 23. Nd1 Rxf1+ 24. Qxf1 Qg5 25. Nf2 Qf6 26. Kg1 Qf3 27.
d4 Bxd4 28. Bxd4 Qxg2+ 29. Qxg2 Bxg2 30. Bxe5 Bxe4 31. Bxc7 Bxc2 32. Kf1 Bb1
33. a3 Kf7 34. Ke1 Bc2 35. b4 Nf6 36. Kd2 Bf5 37. Bf4 Ke6 38. h4 Nd5 39. Bb8 h5
40. Nd1 Nf6 41. Nc3 Nd7 42. Bc7 Ne5 43. a4 Nc4+ 44. Ke1 Bc2 45. a5 Kf5 46. Bf4
Kg4 47. Na2 Nb2 48. Nc1 Be4 49. Kf2 Nd1+ 50. Ke2 Nc3+ 51. Ke3 Bf5 52. Kf2 Ne4+
53. Kg2 Nf6 54. Ne2 Nd5 55. Bd2 Bc2 56. Kf2 Nf6 57. Nd4 Ne4+ 58. Ke3 Nxd2 59.
Kxd2 Ba4 60. Ne2 Bb5 61. Nd4 Kxg3 62. Ke3 Kxh4 63. Ne6 Kg3 64. Nd8 h4 65. Nxb7
h3 66. Nd6 h2 67. Ne4+ Kg2 68. Nf2 g5 69. Nh1 Kxh1 70. Kf2 g4 71. Kg3 Be2 72.
Kf2 Bd1 73. Kg3 Kg1 {I-Labib resigns} 0-1

[Event "ICS rated blitz match"]
[Site "204.178.125.65"]
[Date "2000.09.30"]
[Round "?"]
[White "Hossa"]
[Black "maese"]
[Result "1-0"]
[WhiteElo "2499"]
[BlackElo "1925"]
[PlyCount "93"]
[EventDate "2000.??.??"]

1. e4 e5 2. Nf3 Nf6 3. Nxe5 d6 4. Nxf7 Kxf7 5. d4 d5 6. e5 Ne4 7. Nd2 Nxd2 8.
Bxd2 Be7 9. Qf3+ Kg8 10. Bd3 c6 11. O-O Qf8 12. Qh5 Qf7 13. Qxf7+ Kxf7 14. f4
g6 15. Rfe1 Bf5 16. Bxf5 gxf5 17. Re3 Ke6 18. Rb3 b6 19. Rh3 c5 20. Rh6+ Kf7
21. c4 cxd4 22. cxd5 a5 23. Rxb6 Bc5 24. Rb5 Nd7 25. e6+ Ke7 26. exd7 Ba7 27.
Rxa5 d3+ 28. Kf1 Kxd7 29. a4 Rhc8 30. b4 Bd4 31. Rxa8 Rxa8 32. Ra3 Bb2 33. Rb3
Bf6 34. a5 Kd6 35. Rxd3 Rc8 36. g3 Rc2 37. h3 Ra2 38. g4 fxg4 39. hxg4 Ra1+ 40.
Ke2 Rh1 41. Be3 Rh2+ 42. Kf3 h5 43. g5 Bd8 44. a6 Rh3+ 45. Kg2 Rh4 46. a7 Rg4+
47. Kh3 {maese resigns} 1-0

[Event "ICS rated blitz match"]
[Site "204.178.125.65"]
[Date "2000.09.30"]
[Round "?"]
[White "Athlon900"]
[Black "Hossa"]
[Result "1-0"]
[WhiteElo "2820"]
[BlackElo "2500"]
[PlyCount "121"]
[EventDate "2000.??.??"]

1. e4 e5 2. Nf3 Nc6 3. d4 exd4 4. Nxd4 Nf6 5. Nxc6 bxc6 6. Bd3 d5 7. exd5 cxd5
8. O-O Be7 9. c4 d4 10. Bf4 O-O 11. Be5 Kh8 12. Qf3 Rb8 13. Qf4 Bd6 14. Bxd6
Qxd6 15. Qxd6 cxd6 16. b3 Nd7 17. Rd1 Nc5 18. Na3 Bg4 19. f3 Bd7 20. Nc2 Rfe8
21. Nxd4 g6 22. Bc2 Kg7 23. Re1 h6 24. Kf2 Kf6 25. Rad1 Rbd8 26. Rxe8 Rxe8 27.
Nb5 Bxb5 28. Rxd6+ Ke7 29. Rd5 Nxb3 30. axb3 Bc6 31. Re5+ Kd6 32. Ra5 Re7 33.
Ra6 Rb7 34. g4 Kc5 35. Rxc6+ Kxc6 36. Be4+ Kc7 37. Bxb7 Kxb7 38. b4 a5 39. bxa5
Ka6 40. Ke3 Kxa5 41. Ke4 g5 42. Ke5 Kb6 43. Kd6 Kb7 44. Ke7 Kc6 45. Kxf7 Kc5
46. Kg6 Kd4 47. Kxh6 Ke5 48. Kxg5 Ke6 49. h4 Ke5 50. f4+ Ke6 51. f5+ Ke5 52. f6
Kd6 53. f7 Kc5 54. f8=Q+ Kd4 55. c5 Kc3 56. c6 Kc4 57. c7 Kc3 58. c8=Q+ Kb3 59.
Qf3+ Kb4 60. Qcc3+ Kb5 61. Qfc6# {Hossa checkmated} 1-0

[Event "ICS rated blitz match"]
[Site "204.178.125.65"]
[Date "2000.09.30"]
[Round "?"]
[White "GOGO-1"]
[Black "Hossa"]
[Result "0-1"]
[WhiteElo "2123"]
[BlackElo "2496"]
[PlyCount "46"]
[EventDate "2000.??.??"]

1. d4 d5 2. Nf3 Nf6 3. h3 e6 4. Bg5 h6 5. Bh4 Bd6 6. Ne5 g5 7. Bg3 Ne4 8. Bh2
f6 9. f3 fxe5 10. fxe4 exd4 11. Qxd4 O-O 12. e5 Nc6 13. Qe3 Be7 14. Nd2 Nb4 15.
Qb3 a5 16. a3 a4 17. Qc3 d4 18. Qg3 Nxc2+ 19. Kd1 Nxa1 20. Qd3 Kg7 21. g4 Nb3
22. Ne4 Qd5 23. Bg2 Qc6 {GOGO-1 resigns} 0-1

[Event "ICS rated blitz match"]
[Site "204.178.125.65"]
[Date "2000.09.30"]
[Round "?"]
[White "Hossa"]
[Black "GOGO-1"]
[Result "1-0"]
[WhiteElo "2499"]
[BlackElo "2120"]
[PlyCount "63"]
[EventDate "2000.??.??"]

1. d4 Nf6 2. c4 g6 3. Nc3 Bg7 4. e4 d6 5. f3 c5 6. dxc5 dxc5 7. Qxd8+ Kxd8 8.
Be3 Nbd7 9. O-O-O b6 10. e5 Ne8 11. f4 Bb7 12. Nf3 h6 13. Bd3 a6 14. Be4 Bxe4
15. Nxe4 Kc8 16. Rd3 Nc7 17. Rhd1 Rd8 18. b4 Ne6 19. bxc5 bxc5 20. Nxc5 Ndxc5
21. Rxd8+ Nxd8 22. Bxc5 Nc6 23. Kc2 f6 24. e6 f5 25. Rd7 Bf6 26. Bb6 a5 27. c5
Kb8 28. Kb3 a4+ 29. Kc4 a3 30. Kb5 Na7+ 31. Bxa7+ Rxa7 32. Kb6 {GOGO-1 resigns}
1-0

[Event "ICS rated bullet match"]
[Site "204.178.125.65"]
[Date "2000.09.30"]
[Round "?"]
[White "JSBach"]
[Black "Hossa"]
[Result "0-1"]
[WhiteElo "2049"]
[BlackElo "2354"]
[PlyCount "86"]
[EventDate "2000.??.??"]

1. d4 f5 2. Bg5 Nc6 3. d5 Ne5 4. Qd4 Nf7 5. Bf4 Nf6 6. Nf3 Nh5 7. Bd2 g6 8. e4
fxe4 9. Qxe4 c6 10. dxc6 dxc6 11. Bc4 Nd6 12. Qh4 Nf5 13. Qg5 Bh6 14. Qg4 Bxd2+
15. Nbxd2 Nfg3 16. Qxc8 Qxc8 17. hxg3 Qf5 18. O-O-O Rd8 19. Bd3 Rxd3 20. cxd3
Qc5+ 21. Nc4 Qxf2 22. Rdf1 Qxg2 23. Rhg1 Qe2 24. Nfe5 Nxg3 25. Rf3 Nf5 26. Rgf1
b5 27. R3f2 Qh5 28. Na5 Ne3 29. Naxc6 Nxf1 30. Rxf1 Rf8 31. Re1 Qh4 32. Re3 Qh6
33. Ng4 Qh1+ 34. Kd2 Qxc6 35. Re4 Rf1 36. Ke2 Qc1 37. Nf6+ Kf7 38. Rxe7+ Kxf6
39. Rf7+ Kxf7 40. d4 Re1+ 41. Kf3 Qe3+ 42. Kg4 Rg1+ 43. Kh4 Qg3# {
JSBach checkmated} 0-1

[Event "ICS Rated blitz match"]
[Site "204.178.125.65"]
[Date "2000.09.30"]
[Round "?"]
[White "Hossa"]
[Black "PabloZelig"]
[Result "1-0"]
[WhiteElo "2502"]
[BlackElo "1995"]
[PlyCount "45"]
[EventDate "2000.??.??"]

1. e4 c5 2. Nf3 Nc6 3. d4 cxd4 4. Nxd4 g6 5. Nc3 Nxd4 6. Qxd4 Nf6 7. e5 Ng8 8.
Bb5 Bg7 9. O-O a6 10. Ba4 b5 11. Qd5 Rb8 12. Bb3 e6 13. Qd6 Ne7 14. Qxb8 Nc6
15. Qd6 Bxe5 16. Qd2 d5 17. Qh6 Qe7 18. Ne2 f5 19. Re1 Bg7 20. Qe3 O-O 21. c3
f4 22. Nxf4 e5 23. Bxd5+ {PabloZelig resigns} 1-0

[Event "ICS rated blitz match"]
[Site "204.178.125.65"]
[Date "2000.09.30"]
[Round "?"]
[White "PabloZelig"]
[Black "Hossa"]
[Result "0-1"]
[WhiteElo "1993"]
[BlackElo "2504"]
[PlyCount "96"]
[EventDate "2000.??.??"]

1. d4 Nf6 2. c4 c5 3. d5 g6 4. Nc3 Bg7 5. e4 d6 6. f4 e6 7. Nf3 exd5 8. cxd5
Nbd7 9. Bd3 O-O 10. O-O a6 11. a4 Re8 12. Re1 Qc7 13. Kh1 c4 14. Bb1 Nc5 15.
Be3 Ncxe4 16. Nxe4 Nxe4 17. Bd4 f5 18. Bxe4 fxe4 19. Ng5 Bf5 20. a5 h6 21. Nh3
Bxh3 22. gxh3 Rab8 23. Re3 Rbc8 24. Rg3 Qf7 25. Bxg7 Kxg7 26. Qd4+ Qf6 27. Qb6
Qxf4 28. Qxb7+ Kf6 29. Rag1 Ke5 30. Qg7+ Kxd5 31. Rd1+ Kc6 32. Qa7 e3 33. Qxa6+
Kd7 34. Qb5+ Rc6 35. Qb7+ Rc7 36. Qb5+ Ke7 37. Re1 Kf7 38. Qd5+ Kg7 39. a6 e2
40. Rf3 Qh4 41. Qd2 Qe4 42. Kg2 Rf7 43. Qc3+ Re5 44. Kf2 Rxf3+ 45. Qxf3 Rf5 46.
Qxf5 Qxf5+ 47. Kxe2 Qxh3 48. Ra1 Qxh2+ {PabloZelig resigns} 0-1

[Event "ICS rated blitz match"]
[Site "204.178.125.65"]
[Date "2000.09.30"]
[Round "?"]
[White "PMartynov"]
[Black "Hossa"]
[Result "0-1"]
[WhiteElo "2521"]
[BlackElo "2506"]
[PlyCount "84"]
[EventDate "2000.??.??"]

1. d4 Nf6 2. Nf3 c5 3. c3 d5 4. Bg5 cxd4 5. Bxf6 gxf6 6. cxd4 Qb6 7. Qd2 Bf5 8.
Nc3 e6 9. e3 Nc6 10. Be2 Bb4 11. O-O a6 12. a3 Bd6 13. b4 h6 14. Rfc1 Rc8 15.
Na4 Qc7 16. Nc5 Rg8 17. a4 Bh3 18. Bf1 Bg4 19. Be2 Bxf3 20. Bxf3 Bxh2+ 21. Kf1
Bd6 22. b5 Qa5 23. Ke2 Qxd2+ 24. Kxd2 Na5 25. Rc3 Bxc5 26. dxc5 Nc4+ 27. Rxc4
dxc4 28. Bxb7 Rxc5 29. bxa6 Kd7 30. Kc3 Kc7 31. Rh1 h5 32. Bf3 Ra5 33. Bb7 Rxa4
34. Rxh5 Kb6 35. Rh7 Rd8 36. Rxf7 Rd3+ 37. Kb2 Rb3+ 38. Kc2 Ra2+ 39. Kc1 Rxf2
40. Bc8 Rxe3 41. Kd1 c3 42. Rb7+ Ka5 {PMartynov resigns} 0-1

[Event "ICS rated blitz match"]
[Site "204.178.125.65"]
[Date "2000.09.30"]
[Round "?"]
[White "Hossa"]
[Black "Colorado"]
[Result "0-1"]
[WhiteElo "2523"]
[BlackElo "2718"]
[PlyCount "134"]
[EventDate "2000.??.??"]

1. c4 e5 2. Nc3 Nf6 3. e3 Nc6 4. Nf3 Bb4 5. Qc2 O-O 6. a3 Bxc3 7. dxc3 d5 8.
cxd5 Qxd5 9. Be2 Bg4 10. c4 Qd7 11. h3 Bh5 12. Bd3 Rad8 13. Bf5 Bg6 14. Bxg6
fxg6 15. O-O e4 16. Nd2 Qf5 17. b3 Ne5 18. f3 exf3 19. Qxf5 gxf5 20. Nxf3 Nxf3+
21. gxf3 Kf7 22. Kg2 Rd3 23. Rb1 Rfd8 24. Re1 Rc3 25. e4 Rc2+ 26. Kg3 fxe4 27.
fxe4 Rd3+ 28. Be3 Nxe4+ 29. Kf4 Nc3 30. Ra1 a5 31. Rf1 Rb2 32. Kg4+ Kg6 33. Rf2
Rxb3 34. Rg2 Nb1 35. Kf4+ Kf6 36. Re2 g5+ 37. Kg4 Rxe3 38. Rxe3 Rxe3 39. h4 h5+
40. Kxh5 Rh3 41. Kg4 Rxh4+ 42. Kg3 Nd2 43. c5 Ne4+ 44. Kg2 Nxc5 45. Rd1 Ne6 46.
Rb1 b6 47. Rb2 Nd4 48. a4 Ne6 49. Ra2 Nc5 50. Rf2+ Rf4 51. Re2 Nxa4 52. Re8 c5
53. Rf8+ Kg7 54. Rxf4 gxf4 55. Kf3 Nb2 56. Kxf4 c4 57. Ke3 c3 58. Ke2 a4 59.
Ke3 a3 60. Kf3 c2 61. Ke4 c1=Q 62. Kd4 Qf4+ 63. Kd5 a2 64. Kc6 a1=Q 65. Kd7
Qaa4+ 66. Ke6 Qe8+ 67. Kd5 Qd2# {Hossa checkmated} 0-1

[Event "ICS rated blitz match"]
[Site "204.178.125.65"]
[Date "2000.09.30"]
[Round "?"]
[White "Colorado"]
[Black "Hossa"]
[Result "1/2-1/2"]
[WhiteElo "2726"]
[BlackElo "2515"]
[PlyCount "194"]
[EventDate "2000.??.??"]

1. e4 e5 2. Nf3 Nc6 3. Bb5 a6 4. Ba4 Nf6 5. O-O Be7 6. Re1 b5 7. Bb3 d6 8. c3
O-O 9. h3 Bb7 10. d4 Re8 11. Ng5 Rf8 12. Nf3 Re8 13. dxe5 Nxe5 14. Nxe5 dxe5
15. Qf3 Qd7 16. Rd1 Qc6 17. Nd2 Red8 18. a4 b4 19. a5 Rab8 20. cxb4 Bxb4 21.
Bxf7+ Kxf7 22. Qb3+ Qe6 23. Qxb4 Nxe4 24. Qa3 Kg8 25. Qe3 Bc6 26. f3 Rb3 27.
Qe2 Nxd2 28. Rxd2 Rxd2 29. Qxd2 e4 30. Qd8+ Be8 31. fxe4 Qxe4 32. Qxc7 Bb5 33.
Qb8+ Kf7 34. Qa7+ Kg8 35. Qf2 Qe5 36. Ra3 Rxa3 37. bxa3 Bd3 38. Bb2 Qf5 39. Qd4
Kf7 40. Qxg7+ Ke6 41. Qd4 h5 42. Kh2 Qd5 43. Qe3+ Qe4 44. Qb6+ Kd7 45. Qa7+ Kc6
46. Qb8 Qe7 47. Qb6+ Kd7 48. Qa7+ Ke8 49. Qb8+ Kd7 50. Qa7+ Ke8 51. Qb8+ Kd7
52. Qb7+ Kd6 53. Qf3 Qe2 54. Qf6+ Kd5 55. Qd4+ Kc6 56. Qb6+ Kd7 57. Qb7+ Kd6
58. Bc3 Be4 59. Bb4+ Ke5 60. Qc7+ Kf6 61. Qd8+ Kf5 62. Qc8+ Ke5 63. Qb8+ Ke6
64. Qe8+ Kd5 65. Qg8+ Kd4 66. Qg7+ Kc4 67. Qc3+ Kb5 68. Qe5+ Ka4 69. Qe8+ Kb3
70. Qf7+ Ka4 71. Qe8+ Kb3 72. Qe6+ Ka4 73. Qg8 Qc2 74. Qg3 Bd5 75. Qg5 Be4 76.
Qg7 Bd5 77. Qg5 Be4 78. Qg3 Bd5 79. Be1 Qe2 80. Bf2 Qc2 81. Bb6 Be4 82. Bf2 Bd5
83. Bb6 Be4 84. Bd8 Qd2 85. Bf6 Qc2 86. Qg7 Qd2 87. Qg3 Qc2 88. Bd8 Qd2 89. Bc7
Qc2 90. Bf4 Qb2 91. h4 Qe2 92. Bd6 Qd2 93. Bb4 Qc2 94. Qg7 Bd5 95. Qg3 Be4 96.
Qg7 Bd5 97. Qg3 Be4 {Game drawn by repetition} 1/2-1/2

[Event "ICS rated blitz match"]
[Site "204.178.125.65"]
[Date "2000.09.30"]
[Round "?"]
[White "Hossa"]
[Black "Themanfromrio"]
[Result "1-0"]
[WhiteElo "2524"]
[BlackElo "1920"]
[PlyCount "37"]
[EventDate "2000.??.??"]

1. d4 d5 2. c4 e5 3. dxe5 d4 4. Nf3 Nc6 5. g3 Bg4 6. Nbd2 Qd7 7. Bg2 O-O-O 8.
O-O h5 9. Nb3 Be7 10. Bf4 h4 11. Ng5 Bxg5 12. Bxg5 f6 13. exf6 Nxf6 14. Bxh4
Rxh4 15. gxh4 Bh3 16. Qd3 Bxg2 17. Kxg2 Qf7 18. Rad1 Ne5 19. Qf5+ {
Themanfromrio resigns} 1-0

[Event "ICS rated blitz match"]
[Site "204.178.125.65"]
[Date "2000.09.30"]
[Round "?"]
[White "Themanfromrio"]
[Black "Hossa"]
[Result "0-1"]
[WhiteElo "1919"]
[BlackElo "2525"]
[PlyCount "28"]
[EventDate "2000.??.??"]

1. d4 d5 2. Nf3 Nf6 3. Bf4 Bf5 4. e3 e6 5. Bd3 Bd6 6. Bxd6 Qxd6 7. Bxf5 exf5 8.
c3 c6 9. Qb3 Qe7 10. Ne5 O-O 11. O-O Ne4 12. c4 dxc4 13. Qxc4 Rd8 14. Rd1 Qxe5
{Themanfromrio resigns} 0-1